Statistics for Juventus Squad 2014/2015

Click here to take the quiz!

General Stats

  • This quiz has been taken 557 times
  • The average score is 17 of 28

Answer Stats

NumberNationalityPositionAnswer% Correct
1ItalyGKGianluigi Buffon
99%
6FranceMFPaul Pogba
92%
3ItalyDFGiorgio Chiellini
91%
10ArgentinaFWCarlos Tevez
90%
23ChileMFArturo Vidal
86%
9SpainFWAlvaro Morata
84%
21ItalyMFAndrea Pirlo
84%
19ItalyDFLeonardo Bonucci``
84%
8ItalyMFClaudio Marchisio
83%
15ItalyDFAndrea Barzagli
81%
22GhanaMFKwadwo Asamoah
75%
4UruguayDFMartin Caceres
72%
14SpainFWFernando Llorente
72%
/ItalyCOACHMassimiliano Allegri
65%
33FranceDFPatrice Evra
64%
26SwitzerlandDFStephan Lichsteiner
55%
11FranceFWKinglsey Coman
54%
7ItalyMFSimone Pepe
44%
5ItalyDFAngelo Ogbonna
44%
30ItalyGKMarco Storari
43%
37ArgentinaMFRoberto Pereyra
42%
12ItalyFWSebastian Giovinco
41%
20ItalyMFSimone Padoin
34%
34BrazilGKRubinho
30%
39ItalyMFLuca Marrone
19%
2ItalyMFRomulo
16%
16ItalyDFMarco Motta
13%
38ItalyMFFederico Mattiello
5%

Score Distribution

Percentile by Number Answered

Percent of People with Each Score

Your Score History

You have not taken this quiz